00613 2200193 4500001002100000005001500021035002000036008004100056245012300097100002500220250000600245260003000251300001900281020002200300084001800322082000800340650005100348990002000399INLIS00000000000790220260424033652 a0010-0426000090260424 0 ind 1 aSure, You Can! Ready For Toefl Test :bTerobosan Baru Untuk Mencapai Score Toefl Terbaik Yang Ditargetkan /cPardiyono aPardiyono, Pardiyono aI aYogyakarta :bAndi,c2021 a244 ;c23 x 16 a978-623-01-1421-2 a371 PAR S C.1 a371 4aInstitusi Pendidikan, Sekolah dan Aktifitasnya a260311300011242